| 000 | 01229pam a2200313 i 4500 | ||
|---|---|---|---|
| 001 | 2506617 | ||
| 003 | EG-ScBUE | ||
| 005 | 20260104102125.0 | ||
| 008 | 921228t1993 enka f i 000 0 eng | ||
| 020 | _a0412399504 (acidfree paper) | ||
| 020 | _a9780412399503 | ||
| 040 |
_aEG-ScBUE _beng _erda _cEG-ScBUE _dEG-ScBUE |
||
| 082 | 0 | 4 |
_a549.012 _222 _bCLA |
| 100 | 1 |
_aClark, Andrew, _95798 _eauthor. |
|
| 245 | 1 | 0 |
_aHey's mineral index : _bmineral species, varieties, and synonyms / _cA. M. Clark, collections leader, Department of Mineralogy, The Natural History Museum, London. |
| 250 | _aThird edition. | ||
| 264 | 1 |
_aLondon : _bChapman & Hall, _c[1993] |
|
| 264 | 4 | _cc1993 | |
| 300 |
_axi, 848 pages : _btables ; _c31 cm. |
||
| 336 |
_2rdacontent _atext _btxt |
||
| 337 |
_aunmediated _2rdamedia _bn |
||
| 338 |
_avolume _bnc _2rdacarrier |
||
| 490 | 0 | _aNatural History Museum publications | |
| 500 | _aRev. ed. of: An index of mineral species & varieties arranged chemically / Max H. Hey. 2nd, rev. ed. 1962. | ||
| 650 | 7 |
_aMinerals _vNomenclature. _95800 _2BUEsh |
|
| 655 | _vReading book | ||
| 700 | 1 |
_aHey, Max H. _q(Max Hutchinson). _tIndex of mineral species & varieties arranged chemically. _95801 |
|
| 942 |
_2ddc _cBB |
||
| 999 |
_c11737 _d11737 |
||